Składy zwycięzców Ligi Mistrzów - 1992/93 - Statystyki

Ogólne statystyki
  • Ten quiz został rozwiązany 16 razy
  • Średni wynik to 7 z 13
Statystyki odpowiedzi
Numer Pozycja Narodowość Piłkarz % Poprawnych
1 BR Francja Fabien Barthez
100%
11 ŚP Francja Didier Deschamps
85%
6 ŚO Francja Marcel Desailly
77%
10 ŚPO Ghana Abedi Pele
69%
9 N Niemcy Rudi Voller
62%
4 ŚO Francja Basile Boli
54%
8 N Chorwacja Alen Boksic
46%
5 ŚP Francja Franck Sauzee
38%
3 LO Francja Eric Di Meco
31%
7 ŚP Francja Jean-Jacques Eydelie
31%
13 rez. Francja Jean-Christophe Thomas
23%
2 PO Francja Jocelyn Angloma
23%
14 rez. Francja Jean-Philippe Durand
15%
Nie znaleziono quizów pasujących do podanych kryteriów
Rozkład punktacji
Procent ludzi z każdym wynikiem
Percentyl według liczby udzielonych odpowiedzi
Twoja historia wyników
Nie rozwiązałeś tego quizu